000 00624nam a22002057a 4500
003 OSt
005 20251202092939.0
008 251202b |||||||| |||| 00| 0 eng d
020 _a0-538-86724-8.
040 _aDWCL-Main lib
_cOC
082 _213th ed.
_aCirc. 657.044 S629i 1998
100 _aK. Fred Skousen
245 _aIntermediate accounting/
_cK. Fred Skousen
260 _aOhio :
_bSouth-Western College Publishing,
_cc1998.
300 _a1232 pages (various pagings) :
_bill. ;
_c22 cm.
650 _aAccounting.
700 _aEarl K. Stice
700 _aJames D. Stice
942 _2ddc
_cBK-CIRC
_e13th ed.
_kCirc.
_n0
999 _c6692
_d6692